| Record ID | ia:treatingmindbody0000cock |
| Source | Internet Archive |
| Download MARC XML | https://archive.org/download/treatingmindbody0000cock/treatingmindbody0000cock_marc.xml |
| Download MARC binary | https://www.archive.org/download/treatingmindbody0000cock/treatingmindbody0000cock_meta.mrc |
LEADER: 05707cam 2200985 a 4500
001 ocm36824925
003 OCoLC
005 20200630042556.0
008 970423s1998 nju b 001 0 eng
010 $a 97020184
040 $aDLC$beng$cDLC$dC#P$dVVC$dNLM$dBAKER$dNLGGC$dYDXCP$dBTCTA$dOCLCG$dGEBAY$dBDX$dGBVCP$dOCLCO$dOCLCF$dOCLCQ$dOCLCO$dOCLCQ$dOCLCO$dOCLCQ$dOCLCO$dOCL$dI8M$dOCLCO$dOCLCA$dOCLCQ$dIOG$dOCLCA$dL2U
016 7 $a9803339$2DNLM
019 $a38939357
020 $a1560003103$q(alk. paper)
020 $a9781560003106$q(alk. paper)
035 $a(OCoLC)36824925$z(OCoLC)38939357
043 $ae-gx---
050 00 $aRC450.G3$bC64 1998
060 00 $a1998 B-449
060 10 $aWM 11 GG4$bC6t 1998
082 00 $a616.89/00943/09043$221
084 $a77.82$2bcl
084 $a44.01$2bcl
084 $a77.14$2bcl
084 $a77.72$2bcl
100 1 $aCocks, Geoffrey,$d1948-
245 10 $aTreating mind & body :$bessays in the history of science, professions, and society under extreme conditions /$cGeoffrey Cocks ; with a foreword by Peter J. Loewenberg.
246 30 $aTreating mind and body
260 $aNew Brunswick, N.J., U.S.A. :$bTransaction Publishers,$c©1998.
300 $axvii, 219 pages ;$c24 cm
336 $atext$btxt$2rdacontent
337 $aunmediated$bn$2rdamedia
338 $avolume$bnc$2rdacarrier
504 $aIncludes bibliographical references and index.
505 0 $apt. 1. Psychotherapy: The professionalization of psychotherapy in Germany, 1928-1949. The Nazis and C.G. Jung. Repressing, remembering, working through: the science and history of memory in postwar Germany -- pt. 2. Psychoanalysis: On throwing dishes from a window in a dream: psychoanalysis in European society and politics, 1900-1939. Developmental continuities in German psychoanalysis and psychotherapy since 1939. The curve of Heinz Kohut's life -- pt. 3. Medicine: Health, medicine, and illness in modern Germany. Partners and pariahs: Jews and medicine in modern German society. The old as new: the Nuremberg Doctors' Trial and medicine in modern Germany.
520 1 $a"Treating Mind and Body examines the recent history of psychotherapy, psychoanalysis, and medicine in Germany through a series of original essays by Geoffrey Cocks. The first part, "Psychotherapy," analyzes the history of psychotherapy in the Third Reich and includes such essays as "The Professionalization of Psychotherapy in Germany" and "The Nazis and C.G. Jung," which examines Jung's association with the Nazi regime and the rift between Jungians and Freudians."--BOOK JACKET. "Part Two, "Psychoanalysis," considers the repression of memory evident among German psychoanalysts, a more disturbing historical reality than the traditional view of a Nazi destruction of psychoanalysis. Essays include "Psychoanalysis and Psychotherapy in Germany since 1939," as well as a discussion of Heinz Kohut's "self psychology" in light of Kohut's life experience in Austria and America. In section three, Cocks treats medicine, the history of professions, and the increasing awareness among historians of the place of medicine in Nazi plans and projects. Essays include "Jews and Medicine in Modern German Society" and "The Nuremberg Doctors' Trial and Medicine in Modern Germany.""--BOOK JACKET. "This book will be of interest to psychologists, psychiatrists, and psychotherapists, as well as those in the fields of medicine, history, and sociology."--BOOK JACKET.
650 0 $aPsychotherapy$xPolitical aspects$zGermany.
650 0 $aPsychoanalysis$xPolitical aspects$zGermany.
650 0 $aNational socialism and medicine.
650 0 $aSocial medicine$zGermany$xHistory$y20th century.
651 0 $aGermany$xHistory$y1933-1945.
650 12 $aPsychoanalysis$xhistory.
650 12 $aPsychotherapy$xhistory.
650 22 $aHistory, 20th Century.
650 22 $aPolitical Systems$xhistory.
651 2 $aGermany.
650 7 $a77.82 psychoanalytic therapy.$0(NL-LeOCL)077598199$2bcl
650 7 $aNational socialism and medicine.$2fast$0(OCoLC)fst01033797
650 7 $aPsychoanalysis$xPolitical aspects.$2fast$0(OCoLC)fst01081248
650 7 $aPsychotherapy$xPolitical aspects.$2fast$0(OCoLC)fst01081783
650 7 $aSocial medicine.$2fast$0(OCoLC)fst01122637
651 7 $aGermany.$2fast$0(OCoLC)fst01210272
650 7 $aNationalsozialismus$2gnd
650 7 $aPsychotherapie$2gnd
650 7 $aAufsatzsammlung$2gnd
650 7 $aPsychoanalyse$2gnd
650 7 $aMedizin$2gnd
650 17 $aPsychotherapie.$2gtt
650 17 $aPsychoanalyse.$2gtt
650 17 $aGeneeskunde.$2gtt
650 17 $aNationaal-socialisme.$2gtt
651 7 $aDeutschland.$2swd
648 7 $a1900-1999$2fast
648 7 $aGeschichte 1926-1945$2swd
648 7 $aGeschichte 1933-1945$2swd
653 0 $aGermany$aHistory$a1933-1945
653 0 $aGeschichte$a1926-1945
653 0 $aNational socialism and medicine
653 0 $aPsychoanalysis$aPolitical aspects$aGermany
653 0 $aPsychotherapy$aPolitical aspects$aGermany
653 0 $aSocial medicine$aGermany$aHistory$a20th century
655 7 $aHistory.$2fast$0(OCoLC)fst01411628
938 $aBaker & Taylor$bBKTY$c34.95$d34.95$i1560003103$n0002956547$sactive
938 $aBrodart$bBROD$n50651838$c$34.95
938 $aBaker and Taylor$bBTCP$n97020184
938 $aYBP Library Services$bYANK$n1346736
029 1 $aAU@$b000013186760
029 1 $aGBVCP$b229721834
029 1 $aGEBAY$b2816798
029 1 $aNLGGC$b158363787
029 1 $aNLM$b9803339
029 1 $aNZ1$b4891401
029 1 $aYDXCP$b1346736
994 $aZ0$bP4A
948 $hNO HOLDINGS IN P4A - 223 OTHER HOLDINGS